MARC

LEADER 00000nam0a2200000 4500
001 330797
005 20231102004308.0
035 |a (RuTPU)RU\TPU\book\356585 
090 |a 330797 
100 |a 20170411d1979 km y0rusy50 ca 
101 0 |a rus 
102 |a RU 
105 |a ab fg 001zy 
200 1 |a СССР  |e энциклопедический справочник  |f под ред. А. М. Прохорова 
210 |a Москва  |c Советская энциклопедия  |d 1979 
215 |a 575 с.  |c ил. 
320 |a Хронология: с. 554-572 
606 1 |a Справочники словарного типа  |2 stltpush  |3 (RuTPU)RU\TPU\subj\56076  |9 74007 
610 1 |a СССР 
610 1 |a природные условия 
610 1 |a население 
610 1 |a государственный строй 
610 1 |a история 
610 1 |a экономика 
610 1 |a наука 
610 1 |a техника 
610 1 |a культура 
610 1 |a общественное устройство 
610 1 |a энциклопедические справочники 
686 |a Я21  |v LBC/SL-A  |2 rubbk 
702 1 |a Прохоров  |b А. М.  |g Александр Михайлович  |4 340 
801 1 |a RU  |b 63413507  |c 20170411 
801 2 |a RU  |b 63413507  |c 20221024  |g RCR 
942 |c BK